[Event "2.Nord-West-Cup"]
[Site "?"]
[Date "2000.02.11"]
[Round "3"]
[White "Judas, Sven"]
[Black "Walter, Stefan"]
[Result "0-1"]
[WhiteElo "2076"]
[BlackElo "1525"]
[PlyCount "116"]

1. d4 d5 2. Nf3 Nf6 3. Bf4 c6 4. Nbd2 Bf5 5. e3 e6 6. Ne5 Nbd7 7. Ndf3 Qb6 8.
Qc1 Be7 9. Be2 c5 10. c3 Rc8 11. O-O O-O 12. Nh4 Be4 13. Bg5 Bd6 14. f4 h6 15.
Bxf6 Nxf6 16. Qd2 Rfd8 17. Rf2 Bh7 18. Bd3 Ne4 19. Bxe4 Bxe4 20. Raf1 Be7 21.
Nhf3 Qa6 22. h3 Qxa2 23. dxc5 Bxc5 24. Nd4 Qa6 25. g4 Bd6 26. Nef3 Rb8 27. f5
e5 28. Ne2 b5 29. f6 Qb6 30. fxg7 Bc5 31. Nfd4 exd4 32. cxd4 Be7 33. Rxf7 Qe6
34. Ng3 Qxf7 35. Rxf7 Kxf7 36. Nh5 Bg6 37. Qf2+ Kg8 38. Nf4 Bf7 39. Qg3 Rbc8
40. Nh5 Bxh5 41. gxh5 Bf6 42. Qg6 Bxg7 43. Kg2 Re8 44. Kf3 Rf8+ 45. Ke2 Rf6 46.
Qd3 a6 47. Qb3 Rc4 48. Qd3 a5 49. b3 Rb4 50. Qc2 a4 51. bxa4 bxa4 52. Qc8+ Bf8
53. Qg4+ Kh8 54. Qd7 Rb2+ 55. Kd3 a3 56. Qxd5 a2 57. Qe5 a1=Q 58. Qxf6+ Bg7 0-1

[Event "2.Nord-West-Cup"]
[Site "?"]
[Date "2000.02.12"]
[Round "5"]
[White "Judas, Sven"]
[Black "Wind, Michael"]
[Result "1-0"]
[WhiteElo "2076"]
[BlackElo "1640"]
[PlyCount "43"]

1. d4 d5 2. Nf3 Nf6 3. Bf4 c5 4. c3 Nc6 5. e3 e6 6. Nbd2 Bd6 7. Ne5 O-O 8. Bd3
Qc7 9. Ndf3 b6 10. Nxc6 Qxc6 11. Ne5 Qc7 12. Bg3 Bb7 13. f4 Rac8 14. Bh4 Bxe5
15. fxe5 Ne4 16. O-O f5 17. exf6 Nxf6 18. Bxf6 Rxf6 19. Rxf6 gxf6 20. Qg4+ Kf7
21. Bxh7 Rh8 22. Qg6+ 1-0

[Event "2.Nord-West-Cup"]
[Site "?"]
[Date "2000.02.13"]
[Round "7"]
[White "Judas, Sven"]
[Black "Porth, Hartmut"]
[Result "0-1"]
[WhiteElo "2076"]
[BlackElo "2198"]
[PlyCount "128"]

1. d4 Nc6 2. Nf3 d5 3. Bf4 Bg4 4. Nbd2 e6 5. c3 Nf6 6. Qa4 Bd6 7. Bg5 O-O 8. e4
dxe4 9. Nxe4 Be7 10. Bxf6 Bxf6 11. Be2 Be7 12. O-O a6 13. Rad1 Bf5 14. Qc2 Qd5
15. Nfd2 Qxa2 16. f4 Qd5 17. Bf3 Qd7 18. Nc4 Bd6 19. g4 Bg6 20. Qg2 Bxe4 21.
Bxe4 f5 22. gxf5 exf5 23. Bd5+ Kh8 24. Ne5 Bxe5 25. fxe5 Rad8 26. Ba2 Nxe5 27.
dxe5 Qxd1 28. e6 Qd6 29. Re1 Rf6 30. Qe2 Rg6+ 31. Kf1 Qc6 32. Qf2 Qh1+ 33. Ke2
Qe4+ 34. Kf1 Qd3+ 35. Re2 c5 36. Qe3 c4 37. Qxd3 cxd3 38. Rd2 h5 39. Kf2 Rf6
40. Rxd3 Re8 41. Rd7 Rfxe6 42. Bxe6 Rxe6 43. Rxb7 Kh7 44. Kf3 h4 45. c4 Rc6 46.
b3 Kg6 47. Rb8 Kf6 48. Rf8+ Kg5 49. Rd8 Rb6 50. Rd3 a5 51. c5 Rc6 52. Rc3 Kf6
53. Rc4 g5 54. h3 Ke5 55. Rc1 Kd5 56. Rg1 Rg6 57. Rc1 Kc6 58. Ke3 g4 59. Kf4
gxh3 60. Kxf5 Rg3 61. Ra1 h2 62. Rh1 Rg2 63. Ke4 Kxc5 64. Kf3 h3 0-1

[Event "2.Nord-West-Cup"]
[Site "?"]
[Date "2000.02.10"]
[Round "1"]
[White "Jugelt, Tobias"]
[Black "Lewin, Tammo"]
[Result "1-0"]
[WhiteElo "2386"]
[BlackElo "1932"]
[PlyCount "91"]

1. d4 Nf6 2. Bg5 d5 3. Nd2 Nbd7 4. Ngf3 e6 5. c4 Be7 6. Qc2 O-O 7. e3 c6 8. Bd3
h6 9. Bxf6 Bxf6 10. O-O b6 11. cxd5 cxd5 12. Rac1 a5 13. Qa4 Ba6 14. Bxa6 Rxa6
15. Rc2 Ra7 16. Rfc1 Nb8 17. Qb5 Rb7 18. Nb1 Qd7 19. Na3 Qxb5 20. Nxb5 Na6 21.
a3 Rd8 22. Kf1 g5 23. g4 Kg7 24. Ke2 h5 25. h3 h4 26. Rc8 Rxc8 27. Rxc8 Rb8 28.
Rc6 Be7 29. Ne5 Rb7 30. f4 f6 31. Nd3 Kf7 32. fxg5 fxg5 33. Ne5+ Kf6 34. Nc3
Nc7 35. Rxb6 Rxb6 36. Nd7+ Kf7 37. Nxb6 Ne8 38. Nd7 Nd6 39. Ne5+ Kf6 40. Kd3
Bd8 41. e4 dxe4+ 42. Nxe4+ Nxe4 43. Kxe4 Bc7 44. b4 axb4 45. axb4 Ke7 46. b5
1-0

[Event "2.Nord-West-Cup"]
[Site "?"]
[Date "2000.02.11"]
[Round "3"]
[White "Jugelt, Tobias"]
[Black "Koehne, Arno"]
[Result "1-0"]
[WhiteElo "2386"]
[BlackElo "2040"]
[PlyCount "87"]

1. d4 Nf6 2. Bg5 d5 3. Bxf6 exf6 4. e3 Bd6 5. c4 dxc4 6. Nc3 c6 7. Bxc4 O-O 8.
Qc2 Be6 9. Bxe6 fxe6 10. Nf3 Qe7 11. O-O Nd7 12. Rad1 Nb6 13. e4 Qc7 14. Rd3
Rad8 15. Qb3 Qf7 16. Rfd1 Rfe8 17. a4 Bc7 18. e5 fxe5 19. dxe5 Rxd3 20. Rxd3
Qf5 21. Re3 Qf4 22. a5 Qc4 23. Ne4 Qxb3 24. Rxb3 Nc4 25. Rxb7 Bxa5 26. b3 Rd8
27. g3 Nd2 28. Nfxd2 Bxd2 29. Rxa7 Bb4 30. Rc7 Rd1+ 31. Kg2 Re1 32. Ng5 Rxe5
33. Rc8+ Bf8 34. f4 Rf5 35. Nxe6 c5 36. Nxf8 Rxf8 37. Rxf8+ Kxf8 38. Kf3 Ke7
39. Ke4 Kd6 40. f5 Kc6 41. g4 Kd6 42. g5 h6 43. f6 gxf6 44. gxh6 1-0

[Event "2.Nord-West-Cup"]
[Site "?"]
[Date "2000.02.12"]
[Round "5"]
[White "Jugelt, Tobias"]
[Black "Porth, Hartmut"]
[Result "1-0"]
[WhiteElo "2386"]
[BlackElo "2198"]
[PlyCount "75"]

1. d4 Nc6 2. Bg5 h6 3. Bh4 g5 4. Bg3 Bg7 5. c3 d5 6. h4 g4 7. e3 Nf6 8. h5 Ne4
9. Ne2 Nxg3 10. Nxg3 e5 11. Bd3 Qg5 12. Qb3 Ne7 13. Nd2 c6 14. Qa3 Bf5 15. Bxf5
Nxf5 16. Nxf5 Qxf5 17. g3 Bf8 18. Qb3 O-O-O 19. dxe5 Qxe5 20. Qa4 Rg8 21. Qxa7
Rg5 22. O-O-O Qb8 23. Qa4 d4 24. Ne4 Rgd5 25. Rxd4 Bg7 26. Rxd5 Rxd5 27. Rd1
Qe5 28. Rxd5 Qxd5 29. Nc5 Qh1+ 30. Qd1 Qxd1+ 31. Kxd1 Kc7 32. e4 b6 33. Nd3 Kd6
34. Ke2 c5 35. a4 c4 36. Nf4 Bf6 37. Nd5 Bd8 38. Ne3 1-0

[Event "2.Nord-West-Cup"]
[Site "?"]
[Date "2000.02.13"]
[Round "7"]
[White "Jugelt, Tobias"]
[Black "Kalinitschew, Sergey"]
[Result "1-0"]
[WhiteElo "2386"]
[BlackElo "2504"]
[PlyCount "127"]

1. d4 d5 2. Nf3 c6 3. Bf4 Qb6 4. Qc1 Bg4 5. Nbd2 Nd7 6. e3 Ngf6 7. h3 Bh5 8.
Bd3 e6 9. c3 Bg6 10. Bxg6 hxg6 11. Ne5 Be7 12. Ndf3 Nxe5 13. Bxe5 c5 14. Qc2
Qc6 15. dxc5 Bxc5 16. O-O O-O 17. Bxf6 gxf6 18. Rfd1 Rac8 19. Nd4 Qb6 20. Nb3
Kg7 21. Nxc5 Rxc5 22. Qe2 Rfc8 23. Rd4 Rb5 24. Rd2 Rc4 25. Rad1 Ra5 26. a3 Rb5
27. Rc2 Rbc5 28. Rd4 Qb3 29. Rcd2 b5 30. Rxc4 bxc4 31. e4 dxe4 32. Qxe4 Re5 33.
Qa8 Rd5 34. Rxd5 exd5 35. Qxd5 Qxb2 36. Qa5 Qc1+ 37. Kh2 Qf4+ 38. Kg1 Qd2 39.
g3 Qe1+ 40. Kg2 Qe4+ 41. Kh2 Qe1 42. Kg2 f5 43. h4 Qe4+ 44. Kh2 f4 45. Qc7
fxg3+ 46. Qxg3 Qd5 47. Qf4 a5 48. a4 Kf8 49. Kg3 Qd3+ 50. Qe3 Qd6+ 51. Qf4 Qd3+
52. Qe3 Qd6+ 53. Qf4 Ke7 54. Qxd6+ Kxd6 55. Kf4 Kd5 56. f3 f6 57. Ke3 g5 58. h5
Ke6 59. Kd4 f5 60. h6 Kf6 61. h7 Kg7 62. Ke5 Kxh7 63. Kxf5 Kh6 64. f4 1-0

[Event "2.Nord-West-Cup"]
[Site "?"]
[Date "2000.02.11"]
[Round "2"]
[White "Kalinitschew, Sergey"]
[Black "Lau, Udo"]
[Result "1-0"]
[WhiteElo "2504"]
[BlackElo "2205"]
[PlyCount "91"]

1. d4 Nf6 2. Nf3 e6 3. c4 Bb4+ 4. Bd2 Qe7 5. g3 Ne4 6. Bg2 O-O 7. O-O Bxd2 8.
Nfxd2 Nxd2 9. Qxd2 d6 10. Nc3 Nd7 11. Rad1 c6 12. e4 e5 13. f4 Nb6 14. Qd3 Bd7
15. b3 Rfd8 16. Rd2 f6 17. Qe3 Be8 18. h4 Bf7 19. fxe5 dxe5 20. d5 Nd7 21. Bh3
Qc5 22. Qxc5 Nxc5 23. b4 Ne6 24. Ne2 a5 25. Rfd1 Nd4 26. Nxd4 exd4 27. a3 axb4
28. axb4 cxd5 29. cxd5 Ra3 30. Rd3 Rxd3 31. Rxd3 Kf8 32. Rxd4 Ke7 33. Rc4 Kd6
34. Bc8 Bg6 35. Bxb7 Ke5 36. Rc7 Bxe4 37. Rxg7 Rb8 38. b5 Bxd5 39. Bxd5 Kxd5
40. Rxh7 Ke4 41. Rh6 f5 42. b6 Kf3 43. Kh2 Ra8 44. Rc6 Ra2+ 45. Kh3 Rb2 46. Rc4
1-0

[Event "2.Nord-West-Cup"]
[Site "?"]
[Date "2000.02.12"]
[Round "4"]
[White "Kalinitschew, Sergey"]
[Black "Hermann, Manfred"]
[Result "1-0"]
[WhiteElo "2504"]
[BlackElo "2357"]
[PlyCount "117"]

1. c4 c6 2. d4 d5 3. Nc3 Nf6 4. cxd5 cxd5 5. Bf4 Nc6 6. e3 Bf5 7. Qb3 Na5 8.
Qa4+ Bd7 9. Qd1 e6 10. Bd3 Bb4 11. Nge2 Rc8 12. a3 Be7 13. O-O O-O 14. h3 Nc4
15. Ra2 b5 16. Nb1 b4 17. axb4 Bxb4 18. Bg5 a5 19. Nf4 Be7 20. Bc2 Nd6 21. Nc3
Rb8 22. Nd3 Nde4 23. Nxe4 dxe4 24. Bxf6 Bxf6 25. Nc5 Bb5 26. Re1 Bc4 27. b3 Bd5
28. Bxe4 Be7 29. Bxd5 Qxd5 30. Rxa5 Bxc5 31. dxc5 Qxd1 32. Rxd1 Rxb3 33. Ra7
Rc3 34. Rc7 g5 35. h4 h6 36. hxg5 hxg5 37. Rd6 Rc2 38. g3 Ra8 39. Rdd7 Rf8 40.
Re7 Rc1+ 41. Kg2 Rc4 42. c6 g4 43. Red7 Kg7 44. Rd4 Rxd4 45. exd4 Ra8 46. Rd7
Ra1 47. c7 Rc1 48. f4 Rc2+ 49. Kf1 Kg6 50. Ke1 f6 51. Kd1 Rc6 52. Kd2 Kf5 53.
Kd3 Rc1 54. Re7 Rc6 55. d5 exd5 56. Kd4 Kg6 57. Kxd5 Rc3 58. Kd6 Rd3+ 59. Ke6
1-0

[Event "2.Nord-West-Cup"]
[Site "?"]
[Date "2000.02.11"]
[Round "2"]
[White "Kerker, Andreas"]
[Black "Dgebuadze, Alexandre"]
[Result "0-1"]
[WhiteElo "2195"]
[BlackElo "2540"]
[PlyCount "30"]

1. e4 e6 2. d4 d5 3. Nc3 Bb4 4. e5 Ne7 5. a3 Bxc3+ 6. bxc3 c5 7. Qg4 O-O 8. Bd3
f5 9. exf6 Rxf6 10. Bg5 Nd7 11. Bxf6 Nxf6 12. Qf3 Qa5 13. Bf1 e5 14. dxe5 Bg4
15. Qd3 c4 0-1

[Event "2.Nord-West-Cup"]
[Site "?"]
[Date "2000.02.12"]
[Round "4"]
[White "Kerker, Andreas"]
[Black "Elbern, Thomas"]
[Result "1/2-1/2"]
[WhiteElo "2195"]
[BlackElo "1927"]
[PlyCount "31"]

1. e4 e5 2. Nf3 Nc6 3. Bb5 a6 4. Ba4 Nf6 5. O-O Nxe4 6. d4 b5 7. Bb3 d5 8. dxe5
Be6 9. c3 Bc5 10. Nbd2 O-O 11. Bc2 Nxf2 12. Rxf2 f6 13. exf6 Bxf2+ 14. Kxf2
Qxf6 15. Kg1 Rae8 16. Qf1 1/2-1/2

[Event "2.Nord-West-Cup"]
[Site "?"]
[Date "2000.02.10"]
[Round "1"]
[White "Klein, Nico"]
[Black "Tschetschelnizki, Boris"]
[Result "0-1"]
[WhiteElo "800"]
[BlackElo "2272"]
[PlyCount "62"]

1. e4 e6 2. Bb5 c6 3. Ba4 d5 4. Nc3 b5 5. Bb3 b4 6. Na4 dxe4 7. Nc5 Bxc5 8. Qg4
Qf6 9. Nh3 Qg6 10. Qg3 Qxg3 11. fxg3 Nf6 12. d3 exd3 13. cxd3 e5 14. Ng5 O-O
15. Bd2 a5 16. O-O-O Bf5 17. Bc4 Nbd7 18. Rde1 h6 19. Nf3 Rfe8 20. Nh4 Bh7 21.
Be3 Bd4 22. Bxd4 exd4 23. Rxe8+ Rxe8 24. a3 Re2 25. axb4 axb4 26. Kb1 Ne5 27.
Rd1 Nxc4 28. Rc1 Bxd3+ 29. Ka2 Rxb2+ 30. Ka1 b3 31. Rxc4 Rb1# 0-1

[Event "2.Nord-West-Cup"]
[Site "?"]
[Date "2000.02.11"]
[Round "2"]
[White "Koehne, Arno"]
[Black "Willms, Axel"]
[Result "1-0"]
[WhiteElo "2040"]
[BlackElo "1350"]
[PlyCount "75"]

1. d4 Nf6 2. c4 g6 3. Nc3 Bg7 4. e4 d6 5. Nf3 O-O 6. Be2 e5 7. dxe5 dxe5 8.
Qxd8 Rxd8 9. Bg5 Re8 10. Nd5 Nxd5 11. cxd5 c6 12. Bc4 cxd5 13. Bxd5 h6 14. Be3
Nd7 15. Nd2 Nf6 16. Bb3 Be6 17. Bxe6 Rxe6 18. Rc1 Ng4 19. Bc5 Rc6 20. Rc3 b6
21. Bb4 Rac8 22. Ke2 Nf6 23. Rhc1 Rxc3 24. Rxc3 Rxc3 25. Bxc3 Nd7 26. Kd3 b5
27. Bb4 Bf6 28. Nb1 Bd8 29. Nc3 a5 30. Bd6 b4 31. Nd5 Kg7 32. Kc4 f5 33. f3
fxe4 34. fxe4 h5 35. Kb5 Kh6 36. Kc6 Nf6 37. Nxf6 Bxf6 38. Kd5 1-0

[Event "2.Nord-West-Cup"]
[Site "?"]
[Date "2000.02.12"]
[Round "4"]
[White "Koehne, Arno"]
[Black "Meyner, Hannes"]
[Result "1/2-1/2"]
[WhiteElo "2040"]
[BlackElo "1969"]
[PlyCount "32"]

1. d4 d5 2. c4 e6 3. Nf3 c6 4. cxd5 exd5 5. Nc3 Nf6 6. Bg5 Be7 7. e3 Bf5 8. Bd3
Bxd3 9. Qxd3 Nbd7 10. O-O O-O 11. Rab1 Ne4 12. Bf4 f5 13. b4 g5 14. Be5 Nxe5
15. Nxe5 Bd6 16. f3 Nxc3 1/2-1/2

[Event "2.Nord-West-Cup"]
[Site "?"]
[Date "2000.02.13"]
[Round "7"]
[White "Koehne, Arno"]
[Black "Campe, Herbert"]
[Result "1-0"]
[WhiteElo "2040"]
[BlackElo "1601"]
[PlyCount "117"]

1. d4 Nf6 2. c4 g6 3. Nc3 Bg7 4. e4 d6 5. Nf3 O-O 6. Be2 e5 7. dxe5 dxe5 8.
Qxd8 Rxd8 9. Bg5 Re8 10. Nd5 Nxd5 11. cxd5 Bd7 12. Rc1 c6 13. Bc4 c5 14. Bd3 b6
15. Nd2 f6 16. Be3 f5 17. f3 Bc8 18. Ke2 Ba6 19. Nc4 Rd8 20. exf5 gxf5 21. Bxf5
Nd7 22. Kf2 Nf6 23. Be6+ Kf8 24. Bg5 e4 25. b3 b5 26. Na5 Nxd5 27. Bxd8 e3+ 28.
Kg3 Be5+ 29. Kh4 Rxd8 30. Rxc5 Bf6+ 31. Kg4 Ne7 32. Re1 Rd4+ 33. f4 h5+ 34. Kf3
Rd2 35. Kxe3 Rxa2 36. b4 Rxg2 37. Rxh5 Rb2 38. Nb3 Bc8 39. Nc5 Bxe6 40. Nxe6+
Kf7 41. Nc7 Rxb4 42. Rxb5 Rc4 43. Na6 Ra4 44. Nb8 Ra3+ 45. Ke4 a6 46. Rb7 Ke8
47. f5 Ra4+ 48. Kf3 Ra3+ 49. Kg4 Ra4+ 50. Kf3 Ra3+ 51. Kg2 Ra2+ 52. Kh1 Rc2 53.
Nxa6 Bh4 54. Re6 Rc1+ 55. Kg2 Rc8 56. f6 Rc2+ 57. Kh3 Bxf6 58. Rxf6 Rc3+ 59.
Kg2 1-0

[Event "2.Nord-West-Cup"]
[Site "?"]
[Date "2000.02.11"]
[Round "2"]
[White "Kohlmann, Christian"]
[Black "Bauland, Thomas"]
[Result "1/2-1/2"]
[WhiteElo "1051"]
[BlackElo "1816"]
[PlyCount "144"]

1. d4 Nf6 2. c4 e5 3. dxe5 Ng4 4. Nf3 Nc6 5. Bf4 Bb4+ 6. Nbd2 Qe7 7. a3 Bxd2+
8. Qxd2 Ngxe5 9. Nxe5 Nxe5 10. e3 d6 11. Be2 O-O 12. O-O b6 13. Qc3 Re8 14. b4
Qf6 15. Bxe5 Rxe5 16. Bf3 Rb8 17. Rac1 Qg5 18. g3 Bh3 19. Bg2 Qh6 20. Bxh3 Qxh3
21. f3 Rbe8 22. Rce1 h5 23. Rf2 Qe6 24. Rfe2 a5 25. e4 axb4 26. axb4 Qe7 27.
Kf2 g5 28. Qd3 Qf6 29. Qc2 Kg7 30. Qb2 Kg6 31. Qc2 R8e7 32. Re3 Kh6 33. Qc3 Kg7
34. Qa3 b5 35. Qc3 bxc4 36. Qxc4 Qe6 37. Qxe6 fxe6 38. Rc1 Rb5 39. Rec3 Rb7 40.
Ke3 Kf6 41. f4 g4 42. b5 Rd7 43. Kf2 e5 44. Rc6 Rxb5 45. Rxc7 Rxc7 46. Rxc7
exf4 47. gxf4 Rb2+ 48. Kg3 Rb3+ 49. Kg2 Rf3 50. e5+ dxe5 51. fxe5+ Ke6 52. Rh7
Rh3 53. Ra7 Kxe5 54. Ra5+ Kf6 55. Ra6+ Kg5 56. Ra5+ Kh4 57. Ra4 Rf3 58. Rb4 Kg5
59. Rb5+ Rf5 60. Rxf5+ Kxf5 61. h3 Kf4 62. hxg4 hxg4 63. Kf2 g3+ 64. Kg2 Kg4
65. Kg1 Kh4 66. Kg2 Kg4 67. Kg1 Kh3 68. Kh1 Kh4 69. Kg2 Kg4 70. Kg1 Kf3 71. Kf1
g2+ 72. Kg1 Kg3 1/2-1/2

[Event "2.Nord-West-Cup"]
[Site "?"]
[Date "2000.02.12"]
[Round "4"]
[White "Kohlmann, Christian"]
[Black "Radczewill, Horst"]
[Result "0-1"]
[WhiteElo "1051"]
[BlackElo "1545"]
[PlyCount "84"]

1. d4 d5 2. c4 Nf6 3. cxd5 Nxd5 4. e4 Nb6 5. Nc3 c6 6. Bf4 e6 7. Nf3 Be7 8. Be2
O-O 9. Qb3 N8d7 10. Rd1 Nf6 11. O-O h6 12. h3 a5 13. a4 Bb4 14. Bd3 Qe7 15. Ne5
Nbd7 16. Nc4 Ne8 17. Bc2 b6 18. Rd3 h5 19. Rg3 Qf6 20. Ne2 g6 21. Bh6 b5 22.
axb5 cxb5 23. Ne3 Nc7 24. Bxf8 Bxf8 25. d5 Nc5 26. Qa2 b4 27. Qb1 b3 28. Bd3
Nxd3 29. Qxd3 Ba6 30. Qd2 Bb4 31. Qd1 Rd8 32. Qc1 Bxe2 33. Qxc7 Bd6 34. Qxa5
Bxg3 35. fxg3 Bxf1 36. Nxf1 exd5 37. exd5 Qd4+ 38. Kh2 Rxd5 39. Qa8+ Rd8 40.
Qa3 Rb8 41. h4 Qf2 42. Qd6 Re8 0-1

[Event "2.Nord-West-Cup"]
[Site "?"]
[Date "2000.02.12"]
[Round "5"]
[White "Kohlmann, Christian"]
[Black "Meijers, Johannes"]
[Result "1/2-1/2"]
[WhiteElo "1051"]
[BlackElo "1450"]
[PlyCount "41"]

1. d4 Nf6 2. Nf3 e6 3. c4 c5 4. dxc5 Bxc5 5. Nc3 O-O 6. Bf4 d5 7. e3 b6 8. cxd5
Nxd5 9. Nxd5 exd5 10. Bb5 Ba6 11. Bxa6 Nxa6 12. O-O Bd6 13. Qxd5 Bxf4 14. Qxd8
Bxh2+ 15. Nxh2 Rfxd8 16. Rfd1 Nc7 17. Nf3 Ne6 18. Kf1 Kf8 19. Ke2 f6 20. Rh1 h6
21. Rhd1 1/2-1/2

[Event "2.Nord-West-Cup"]
[Site "?"]
[Date "2000.02.13"]
[Round "7"]
[White "Kohlmann, Christian"]
[Black "Schweitzer, Paul"]
[Result "1-0"]
[WhiteElo "1051"]
[BlackElo "1686"]
[PlyCount "121"]

1. d4 c6 2. Bf4 Nf6 3. Nf3 h6 4. c4 d6 5. e3 g5 6. Bg3 Qa5+ 7. Qd2 Qxd2+ 8.
Nfxd2 h5 9. h3 a5 10. Nc3 Nbd7 11. Be2 h4 12. Bh2 a4 13. Bd1 a3 14. b4 Bg7 15.
Rb1 e5 16. b5 O-O 17. O-O Re8 18. Bf3 exd4 19. exd4 d5 20. Rfe1 Rxe1+ 21. Rxe1
dxc4 22. Nxc4 cxb5 23. Nxb5 Nf8 24. Re3 g4 25. hxg4 Bxg4 26. Bxg4 Nxg4 27. Rxa3
Re8 28. Ne3 Bh6 29. Be5 Bxe3 30. fxe3 f6 31. Bf4 Ng6 32. Nd6 Re6 33. d5 Re7 34.
Nf5 Rd7 35. Kf1 Rxd5 36. Nh6+ Kh7 37. Nxg4 Rf5 38. Ra4 Ne5 39. Nf2 b5 40. Ra7+
Kg6 41. Bxe5 fxe5 42. Ke2 Rg5 43. Ra8 Kh7 44. Kf1 Rg3 45. e4 b4 46. Rb8 Ra3 47.
Rxb4 Rxa2 48. Rb5 Ra1+ 49. Ke2 Ra2+ 50. Kf3 Ra3+ 51. Kg4 Rg3+ 52. Kxh4 Rxg2 53.
Ng4 Rg1 54. Rxe5 Re1 55. Kg5 Rh1 56. Re7+ Kg8 57. Nh6+ Kh8 58. e5 Rh5+ 59. Kg6
Rg5+ 60. Kf7 Rxe5 61. Rxe5 1-0

[Event "2.Nord-West-Cup"]
[Site "?"]
[Date "2000.02.11"]
[Round "2"]
[White "Kolthoff, Siegmund"]
[Black "Eden, Wilke"]
[Result "1-0"]
[WhiteElo "2036"]
[BlackElo "1616"]
[PlyCount "73"]

1. Nf3 d5 2. d4 Nf6 3. c4 e6 4. g3 Nbd7 5. Bg2 Be7 6. O-O O-O 7. b3 b6 8. Nc3
Bb7 9. Bb2 c5 10. cxd5 exd5 11. Rc1 Rc8 12. Bh3 a6 13. dxc5 Bxc5 14. Na4 b5 15.
Nxc5 Rxc5 16. Rxc5 Nxc5 17. Ba3 Qb6 18. Qd4 Nfe4 19. Rc1 Bc8 20. Bg2 Qa5 21.
Bxc5 Nxc5 22. Qxc5 Be6 23. a4 g6 24. Qc3 Qb6 25. a5 Qb7 26. Qd4 Rc8 27. Rc5 Rc6
28. b4 h6 29. h4 Rd6 30. Ne5 Kh7 31. Nd3 Qe7 32. e3 Qd7 33. Nf4 g5 34. Nh5 Kg6
35. Nf6 Qd8 36. h5+ Kg7 37. Ne8+ 1-0

[Event "2.Nord-West-Cup"]
[Site "?"]
[Date "2000.02.12"]
[Round "4"]
[White "Kolthoff, Siegmund"]
[Black "Reimer, Karl"]
[Result "1-0"]
[WhiteElo "2036"]
[BlackElo "1586"]
[PlyCount "49"]

1. d4 Nf6 2. Nf3 g6 3. c4 c5 4. Nc3 cxd4 5. Nxd4 Bg7 6. e4 d6 7. Be2 O-O 8. O-O
Nc6 9. Be3 a6 10. f3 Bd7 11. Qd2 Rc8 12. Rac1 e5 13. Nc2 Ne8 14. Rfd1 f5 15. c5
f4 16. Bf2 Qc7 17. Nd5 Qb8 18. Nb6 Rd8 19. Bc4+ Kh8 20. cxd6 Rf6 21. Nd5 Nxd6
22. Nxf6 Nxc4 23. Nxd7 Nxd2 24. Nxb8 Nxb8 25. Be1 1-0

[Event "2.Nord-West-Cup"]
[Site "?"]
[Date "2000.02.13"]
[Round "6"]
[White "Kolthoff, Siegmund"]
[Black "Lau, Udo"]
[Result "0-1"]
[WhiteElo "2036"]
[BlackElo "2195"]
[PlyCount "174"]

1. Nf3 Nf6 2. c4 e6 3. g3 d5 4. d4 Be7 5. Bg2 O-O 6. O-O dxc4 7. Qc2 Nc6 8.
Qxc4 Nd5 9. Nc3 Nb6 10. Qd3 Bf6 11. Rd1 e5 12. Ne4 Bf5 13. Nxf6+ Qxf6 14. Qb5
Bc2 15. dxe5 Nxe5 16. Bg5 Nxf3+ 17. Bxf3 Qg6 18. Rd2 Ba4 19. Qc5 c6 20. Rd6 Qc2
21. Qxc2 Bxc2 22. Rc1 Bf5 23. b3 Be6 24. Bg2 h6 25. Be3 Rfd8 26. Rdd1 Rxd1+ 27.
Rxd1 Nd5 28. Bd4 Nb4 29. Rd2 Rd8 30. f4 c5 31. Bc3 Rxd2 32. Bxd2 Nxa2 33. Bxb7
Bxb3 34. Be3 c4 35. Bd5 Nb4 36. Be4 c3 37. Bxa7 c2 38. Be3 Na2 39. Bxc2 Bxc2
40. Bd2 Kf8 41. Kf2 Ke7 42. Ke3 Ke6 43. Kd4 Kf5 44. h3 h5 45. e3 Bd1 46. e4+
Ke6 47. Kd3 Kd6 48. Kd4 Be2 49. Ke3 Bf1 50. g4 hxg4 51. hxg4 Kc5 52. g5 g6 53.
f5 Bh3 54. Kf4 Kd6 55. e5+ Ke7 56. e6 Bxf5 57. exf7 Kxf7 58. Ke5 Ke7 59. Kd5
Kd7 60. Kc5 Ke6 61. Kc4 Ke5 62. Kb3 Be6+ 63. Kb2 Ke4 64. Be1 Kd3 65. Ba5 Bd5
66. Be1 Be6 67. Ba5 Bf7 68. Be1 Ke2 69. Bg3 Nb4 70. Kc3 Nc6 71. Bc7 Kf3 72. Bd6
Kg4 73. Kd3 Kxg5 74. Ke3 Bd5 75. Kf2 Kf5 76. Kg1 g5 77. Kf2 Ne5 78. Bb8 Ng6 79.
Kg1 Kg4 80. Bd6 Kf3 81. Bb8 Nf4 82. Bc7 Bc4 83. Bd6 g4 84. Bc7 g3 85. Bd6 Nh3+
86. Kh1 Bf1 87. Bc5 Bg2# 0-1

[Event "2.Nord-West-Cup"]
[Site "?"]
[Date "2000.02.11"]
[Round "2"]
[White "Korsus, Bernd"]
[Black "Bunzmann, Dimitrij"]
[Result "1/2-1/2"]
[WhiteElo "2186"]
[BlackElo "2502"]
[PlyCount "84"]

1. Nf3 Nf6 2. g3 d5 3. Bg2 Bf5 4. O-O e6 5. c4 c6 6. b3 Be7 7. Bb2 h6 8. d3 O-O
9. Nbd2 Nbd7 10. a3 Bh7 11. Re1 a5 12. d4 Qb6 13. c5 Qc7 14. Rc1 b6 15. cxb6
Qxb6 16. Ne5 Nxe5 17. dxe5 Nd7 18. e4 Bg5 19. h4 Bxd2 20. Qxd2 Qxb3 21. Rxc6
dxe4 22. Bxe4 Bxe4 23. Rxe4 Rab8 24. Bc3 Qb7 25. Rcc4 Rfc8 26. Rxc8+ Rxc8 27.
Rd4 Qb1+ 28. Kh2 Qb3 29. Rxd7 Qxc3 30. Qf4 Rf8 31. a4 Qc6 32. Ra7 Qb6 33. Qe3
Qb4 34. Qf4 Qc5 35. Rb7 f6 36. Qe3 Qxe5 37. Qxe5 fxe5 38. Kg2 Rd8 39. Ra7 Rd5
40. Kf3 Kh7 41. Ra6 Kg6 42. Rxe6+ Kf5 1/2-1/2

[Event "2.Nord-West-Cup"]
[Site "?"]
[Date "2000.02.12"]
[Round "4"]
[White "Korsus, Bernd"]
[Black "Schmitz-Jordan, Juergen"]
[Result "1-0"]
[WhiteElo "2186"]
[BlackElo "1849"]
[PlyCount "77"]

1. Nf3 Nf6 2. g3 d5 3. Bg2 e6 4. O-O Be7 5. c4 O-O 6. d4 Nbd7 7. Nc3 Re8 8. Bf4
c6 9. a4 Nh5 10. Bd2 Nhf6 11. Qc2 Bd6 12. a5 e5 13. cxd5 exd4 14. Nxd4 cxd5 15.
a6 Be5 16. Ncb5 bxa6 17. Ba5 Nb6 18. Nc6 Qd7 19. Nbxa7 Nc4 20. Nxe5 Rxe5 21.
Nxc8 Rxc8 22. Bc3 d4 23. Rfd1 dxc3 24. Rxd7 cxb2 25. Rdd1 bxa1=Q 26. Rxa1 a5
27. Bh3 Rc7 28. Bf5 Rec5 29. Bd3 Nb6 30. Qb2 Nfd5 31. Qe5 h6 32. Kg2 a4 33. Qd4
Nc3 34. Ra3 Nd7 35. h4 Nf8 36. h5 Ne6 37. Qf6 Nd5 38. Qb2 Rc1 39. Rxa4 1-0

[Event "2.Nord-West-Cup"]
[Site "?"]
[Date "2000.02.13"]
[Round "6"]
[White "Korsus, Bernd"]
[Black "Elbern, Thomas"]
[Result "1/2-1/2"]
[WhiteElo "2186"]
[BlackElo "1927"]
[PlyCount "38"]

1. Nf3 Nf6 2. g3 e6 3. c4 d5 4. Bg2 Be7 5. O-O O-O 6. b3 b6 7. Bb2 Bb7 8. Qc2
Nbd7 9. cxd5 exd5 10. Nd4 Re8 11. Nc6 Bxc6 12. Qxc6 Bd6 13. Nc3 Ne5 14. Qa4 c6
15. d4 b5 16. Qa6 b4 17. Na4 Ng6 18. Rac1 Ne7 19. Qd3 Qd7 1/2-1/2

[Event "2.Nord-West-Cup"]
[Site "?"]
[Date "2000.02.11"]
[Round "2"]
[White "Krause, Thomas"]
[Black "Lau, Dietmar"]
[Result "1/2-1/2"]
[WhiteElo "2144"]
[BlackElo "2205"]
[PlyCount "110"]

1. Nf3 Nf6 2. c4 g6 3. g3 Bg7 4. Bg2 O-O 5. O-O c5 6. Nc3 Nc6 7. d4 cxd4 8.
Nxd4 Nxd4 9. Qxd4 d6 10. Qd3 Nd7 11. b3 Nc5 12. Qd2 a5 13. Bb2 Be6 14. Nd5 Bxb2
15. Qxb2 Bxd5 16. Bxd5 Qb6 17. Rfb1 Rfc8 18. Qd4 Qd8 19. h4 Qf8 20. a3 e6 21.
Bg2 Rc7 22. b4 axb4 23. axb4 Rxa1 24. Rxa1 Nd7 25. Rd1 d5 26. cxd5 e5 27. Qb2
Qc8 28. Bh3 f5 29. d6 Rc2 30. Qb3+ Qc4 31. Qxc4+ Rxc4 32. b5 Kf7 33. e3 Ke6 34.
Bg2 e4 35. f3 Rc5 36. fxe4 Rxb5 37. exf5+ gxf5 38. e4 Ke5 39. exf5 Rb6 40. g4
Rxd6 41. Rxd6 Kxd6 42. Bxb7 Ke5 43. Bc8 Nf6 44. g5 Ng4 45. Bd7 Kd6 46. Be6 Ke5
47. Bc8 h6 48. Bd7 hxg5 49. hxg5 Kf4 50. g6 Kg5 51. Kg2 Kf6 52. Kg3 Ne5 53. Be8
Nc4 54. Kg4 Ne3+ 55. Kf4 Nxf5 1/2-1/2

[Event "2.Nord-West-Cup"]
[Site "?"]
[Date "2000.02.12"]
[Round "4"]
[White "Krause, Thomas"]
[Black "Kritz, Leonid"]
[Result "0-1"]
[WhiteElo "2144"]
[BlackElo "2281"]
[PlyCount "82"]

1. Nf3 Nf6 2. c4 g6 3. g3 Bg7 4. Bg2 c6 5. O-O d5 6. cxd5 cxd5 7. d4 Nc6 8. Nc3
Ne4 9. e3 Nxc3 10. bxc3 O-O 11. Nd2 Be6 12. Qa4 Rc8 13. Ba3 Re8 14. Rfc1 Qd7
15. Rab1 Red8 16. Re1 Rc7 17. Bf1 Rdc8 18. Bb5 Bf5 19. Rbc1 a6 20. Bf1 b5 21.
Qd1 Na5 22. Bb4 Nb7 23. Nb3 h5 24. h4 e6 25. Nc5 Nxc5 26. Bxc5 Rxc5 27. dxc5
Qc6 28. Qb3 Qxc5 29. a4 Rb8 30. axb5 axb5 31. Red1 Be5 32. Re1 Be4 33. Kh2 Kg7
34. Be2 g5 35. Qb4 Qb6 36. Bxh5 Rh8 37. f3 Rxh5 38. fxe4 Rxh4+ 39. Kg2 Rxe4 40.
Qb2 Rxe3 41. Kh1 Bxc3 0-1